| 000 | 01036cam a2200289 a 4500 | ||
|---|---|---|---|
| 001 | 000012121 | ||
| 005 | 20200929162714.0 | ||
| 008 | 860709s1984 sp b 000 0 spa | ||
| 020 | _a8427606982 | ||
| 035 | _a(DLC) 86181448 | ||
| 040 |
_aDO-SdBNP _cDLC _dDLC _dBNPHU |
||
| 043 | _ae-sp--- | ||
| 082 |
_a370.946 _bN392i |
||
| 100 | 1 |
_aNegrín Fajardo, Olegario, _d1949- _928657 |
|
| 245 | 1 | 0 |
_aIlustración y educación : _bla sociedad económica matritense / _cOlegario Negrín Fajardo. |
| 260 |
_aMadrid : _bNacional, _c1984. |
||
| 300 |
_a183 p. ; _c22 cm. |
||
| 490 | 1 | _aCultura y Sociedad | |
| 490 | 1 | _aDocencia y documentación | |
| 504 | _aIncluye referencias bibliográficas y notas al pie de las páginas. | ||
| 650 | 4 |
_aEducación _xHistoria _zEspaña _928658 |
|
| 610 | 2 | 4 |
_aSOCIEDAD ECONÓMICA DE MADRID _xHISTORIA _928659 |
| 650 | 4 |
_aEconomía _zEspaña _xSociedad,etc. _xHistoria _928660 |
|
| 830 | 0 |
_aCultura y Sociedad ; _pDocencia y documentación _928661 |
|
| 910 | _aCatalogación por copia / LC | ||
| 049 | _aBNGR | ||
| 999 |
_c11786 _d11786 |
||